|
|
|
|
| LEADER |
01025nam a2200253 i 4500 |
| 001 |
GR-MES4255 |
| 003 |
GR-PaULI |
| 005 |
20241113123323.0 |
| 008 |
991111r1997 enka g 001 b eng d |
| 020 |
|
|
|a 0123246865
|
| 040 |
|
|
|a GrPaTEI
|b gre
|c GR-PaULI
|e AACR2
|
| 082 |
0 |
4 |
|a 577.14
|2 23
|
| 100 |
1 |
|
|a Harborne, J. B.
|9 9336
|e συγγραφέας.
|
| 245 |
1 |
0 |
|a Introduction to ecological biochemistry /
|c J. B. Harborne.
|
| 250 |
|
|
|a 4η έκδ.
|
| 260 |
|
|
|a London :
|b Academic Press,
|c 1997.
|
| 300 |
|
|
|a 318 σ. :
|b εικ. ;
|c 23 εκ.
|
| 504 |
|
|
|a Περιλαμβάνει βιβλιογραφία και ευρετήριο.
|
| 650 |
|
4 |
|a Περιβαλλοντική χημεία
|9 94264
|
| 650 |
|
4 |
|a Βιογεωχημεία
|9 9138
|
| 942 |
|
|
|2 ddc
|c BK
|
| 952 |
|
|
|0 0
|1 0
|2 ddc
|4 0
|6 577_140000000000000_HAR
|7 0
|9 268914
|a MSLG
|b MSLG
|c BSC
|d 2021-01-17
|e 24
|f 0
|g 0.00
|i 6318
|l 0
|o 577.14 HAR
|p 2420000006318
|r 2021-01-17 00:00:00
|t 1
|w 2021-01-17
|y BK15
|x 20080910 0 1
|x GrPaTEI
|
| 998 |
|
|
|c ΒΑΣΙΛΕΙΟΥ
|d 2024-11
|
| 999 |
|
|
|c 155022
|d 155022
|